=LDR 00000nam 2200000 4500 =001 INLIS000000000057208 =005 20201208091649 =035 ##$$a 0010-1220000109 =007 ta =008 201208###########################0#ind## =020 ##$$a 978-979-8689-32-8 =082 ##$$a 297.54 =084 ##$$a 297.54 Han c =245 1#$$a Cinta istighfar /$c Hani Sa'ad Ghunaim =300 ##$$a 164 halaman ; $c 21 cm =650 #4$$a Doa dan zikir =264 ##$$a jakarta :$b Amzah,$c 2011 =336 ##$$a teks$2 rdacontent =337 ##$$a lain-lain$2 rdamedia =338 ##$$a lain-lain$2 rdacarrier =990 ##$$a 05780578